000 00765nam a2200193Ia 4500
003 IN-BaIIA
008 211028s9999 xx 000 0 eng d
020 _a3-540-06314-5
040 _cIIA Library
080 _a523.98(082.2)
_bXAM
111 _aEuropean Astronomical Meeting
_n1st
_cAthens
_d1972 Sept. 4-9
_913047
245 0 _aSolar activity and related interplanetary and terrestrial phenomena
_bvol. 1, proceedings of the First European Astronomical Meeting Athens, September 4-9, 1972
_cedited by J. Xanthakis
260 _aBerlin
_bSpringer-Verlag
_c1973
300 _axv,195p.
500 _aDonated by Mrs. Bappu
650 _aAstronomy and Astrophysics Thesaurus
700 _aXanthakis, J. ed
_97868
942 _cBK
999 _c7721
_d7721